| 000 | 00768nam a2200229Ia 4500 | ||
|---|---|---|---|
| 003 | OSt | ||
| 005 | 20220923212324.0 | ||
| 006 | a|||||r|||| 00| 0 | ||
| 007 | ta | ||
| 008 | 220922b |||||||| |||| 00| 0 hin d | ||
| 024 | _a152,250 | ||
| 037 | _cTextual | ||
| 040 |
_aARTS _cARTS _bhin |
||
| 041 |
_2hin _ahin |
||
| 082 | _aDelta72, 152J6 | ||
| 100 |
_aतिवारी, रामपूजन _9156271 |
||
| 245 | 0 | _aसूफीमत साधना और साहित्य | |
| 246 | _aSūfīmat sādhanā aur sāhitya | ||
| 260 |
_aवाराणसी _b ज्ञानमण्डल लिमिटेड _c1956 |
||
| 942 |
_hDelta72, 152J6 _cTEXL _2CC |
||
| 999 |
_c307899 _d307899 |
||